[Event "Goch op 21st"]
[Site "Goch"]
[Date "2010.10.02"]
[Round "5"]
[White "Czarnik, Jozef"]
[Black "Siewert, Mathias"]
[Result "0-1"]
[WhiteElo "2020"]
[BlackElo "2184"]
[PlyCount "88"]
[EventDate "2010.09.30"]
[EventType "swiss"]
[EventRounds "7"]
[EventCountry "GER"]
[SourceTitle "EXT 2012"]
[Source "ChessBase"]
[SourceDate "2011.11.24"]
[SourceVersion "1"]
[SourceVersionDate "2011.11.24"]
[SourceQuality "1"]

1. d4 Nf6 2. Nc3 d5 3. Bg5 Nbd7 4. Nf3 c6 5. e3 e6 6. Bd3 Be7 7. 0-0 h6 8. Bh4 0-0 9. Re1 b5 10. a3 Bb7 11. e4 dxe4 12. Nxe4 a6 13. Qe2 Nd5 14. Bg3 N7f6 15. Nc5 Qb6 16. Nxe6 Rfe8 17. Nxg7 Kxg7 18. Be5 Bc8 19. Qe4 Rh8 20. Nh4 Kf8 21. Bxf6 Bxf6 22. Re3 Bxh4 23. Qxh4 Nxe3 24. fxe3 Be6 25. Qf6 Kg8 26. Rf1 Qd8 27. Qf3 Qg5 28. g3 Rf8 29. h4 Qg4 30. Qg2 h5 31. Rf4 Qg7 32. Qf2 Rh6 33. e4 Rg6 34. Kh2 Bc4 35. Bxc4 bxc4 36. Rf5 Re8 37. e5 c5 38. c3 cxd4 39. cxd4 Rb8 40. Rxh5 Rb3 41. Qg2 Qf8 42. g4 Qb8 43. Qe4 Rxb2+ 44. Kg3 Qb3+ 0-1

[Event "Goch op 21st"]
[Site "Goch"]
[Date "2010.09.30"]
[Round "1"]
[White "Wiesebach, Wolfgang"]
[Black "Siewert, Mathias"]
[Result "1/2-1/2"]
[WhiteElo "1878"]
[BlackElo "2184"]
[PlyCount "53"]
[EventDate "2010.09.30"]
[EventType "swiss"]
[EventRounds "7"]
[EventCountry "GER"]
[SourceTitle "EXT 2012"]
[Source "ChessBase"]
[SourceDate "2011.11.24"]
[SourceVersion "1"]
[SourceVersionDate "2011.11.24"]
[SourceQuality "1"]

1. d4 Nf6 2. Bf4 g6 3. e3 Bg7 4. Nf3 d6 5. c3 0-0 6. Nbd2 c5 7. Be2 Nc6 8. Qb3 cxd4 9. exd4 e5 10. dxe5 dxe5 11. Bg5 Qc7 12. Bxf6 Bxf6 13. Ne4 Bg7 14. 0-0 Bf5 15. Nfd2 Rfd8 16. Rfd1 Rac8 17. Bf3 Na5 18. Qb5 a6 19. Qe2 h6 20. Nb3 Nxb3 21. axb3 Be6 22. b4 Bc4 23. Qe3 f5 24. Nc5 e4 25. Be2 Bf7 26. f3 Bf8 27. fxe4 1/2-1/2

[Event "GER-ch Net qual3 U25"]
[Site "Playchess.com INT"]
[Date "2009.05.17"]
[Round "5"]
[White "Siewert, Mathias"]
[Black "Riegel, Frank"]
[Result "1-0"]
[WhiteElo "2157"]
[BlackElo "1680"]
[PlyCount "53"]
[EventDate "2009.05.17"]
[EventType "swiss (blitz)"]
[EventRounds "7"]
[EventCountry "GER"]
[SourceTitle "CBM 130 Extra"]
[Source "ChessBase"]
[SourceDate "2009.07.02"]
[SourceVersion "2"]
[SourceVersionDate "2009.07.15"]
[SourceQuality "1"]

1. e4 c5 2. Nf3 d6 3. d4 cxd4 4. Nxd4 Nf6 5. Nc3 a6 6. Bg5 e6 7. f4 Nbd7 8. Qf3 Be7 9. 0-0-0 Qc7 10. g4 b5 11. Bxf6 Nxf6 12. g5 Nd7 13. f5 Bxg5+ 14. Kb1 e5 15. Nd5 Qc5 16. Nb3 Qa7 17. h4 Be7 18. Na5 Qc5 19. b4 Qa7 20. Nc6 Qb7 21. Ncxe7 Nf6 22. Nxf6+ gxf6 23. Nd5 Bd7 24. Nxf6+ Ke7 25. Nd5+ Kf8 26. Qh5 Bc6 27. Qh6+ 1-0

[Event "Rheinland Pfalz-ch MT-A 26th"]
[Site "Ludwigshafen"]
[Date "2007.07.21"]
[Round "11"]
[White "Siewert, Mathias"]
[Black "Hoegerl, Gerd"]
[Result "1/2-1/2"]
[WhiteElo "2153"]
[BlackElo "2196"]
[PlyCount "146"]
[EventDate "2007.07.13"]
[EventType "tourn"]
[EventRounds "11"]
[EventCountry "GER"]
[SourceTitle "EXT 2008"]
[Source "ChessBase"]
[SourceDate "2007.11.25"]
[SourceVersion "1"]
[SourceVersionDate "2007.11.25"]
[SourceQuality "1"]

1. e4 e5 2. Nf3 Nf6 3. Nxe5 d6 4. Nf3 Nxe4 5. Nc3 Nf6 6. d4 Be7 7. Bd3 0-0 8. 0-0 Re8 9. Re1 Nc6 10. Ne2 Bg4 11. c3 Bxf3 12. gxf3 d5 13. Kh1 Bd6 14. Rg1 Kh8 15. Bg5 h6 16. Bh4 Be7 17. Bc2 Rg8 18. Qd3 g6 19. Nf4 Nh7 20. Bg3 Bd6 21. Qb5 Ne7 22. Rae1 c6 23. Qe2 Qd7 24. Nd3 Bxg3 25. fxg3 Rae8 26. Qe5+ f6 27. Qf4 Qf5 28. Re3 Kg7 29. Rge1 Qxf4 30. Nxf4 Kf7 31. Nxg6 Nc8 32. Rxe8 Rxe8 33. Rxe8 Kxe8 34. Kg2 Nd6 35. Nh4 Ng5 36. Nf5 Nxf5 37. Bxf5 Ke7 38. h4 Nf7 39. Bd3 b6 40. g4 c5 41. Kf2 cxd4 42. cxd4 a5 43. Ke3 Nd8 44. f4 Nf7 45. b3 Kd6 46. Bb5 Ke6 47. Bd3 Kd6 48. Bh7 Kc6 49. Bg8 Nd6 50. g5 Nf5+ 51. Kd3 fxg5 52. hxg5 hxg5 53. fxg5 Kd6 54. Bf7 b5 55. b4 axb4 56. Bh5 b3 57. axb3 b4 58. Bg4 Ne7 59. Ke3 Nc6 60. g6 Ke7 61. Bf3 Ke6 62. g7 Ne7 63. Kf4 Kf6 64. g8Q Nxg8 65. Bxd5 Ne7 66. Ke4 Nc8 67. Bc4 Nb6 68. d5 Ke7 69. Bb5 Kd6 70. Bc6 Nc8 71. Ba8 Kc5 72. Ke5 Nd6 73. Ke6 Nc8 1/2-1/2

[Event "Rheinland Pfalz-ch MT-A 26th"]
[Site "Ludwigshafen"]
[Date "2007.07.14"]
[Round "2"]
[White "Siewert, Mathias"]
[Black "Sieber, Patrick"]
[Result "0-1"]
[WhiteElo "2121"]
[BlackElo "2164"]
[PlyCount "50"]
[EventDate "2007.07.13"]
[EventType "tourn"]
[EventRounds "11"]
[EventCountry "GER"]
[SourceTitle "EXT 2008"]
[Source "ChessBase"]
[SourceDate "2007.11.25"]
[SourceVersion "1"]
[SourceVersionDate "2007.11.25"]
[SourceQuality "1"]

1. e4 e6 2. d4 d5 3. Nc3 Nf6 4. Bg5 Bb4 5. e5 h6 6. Bd2 Bxc3 7. bxc3 Ne4 8. Qg4 g6 9. Bd3 Nxd2 10. Kxd2 c5 11. Nf3 Nc6 12. Qf4 Qa5 13. dxc5 Qxc5 14. Nd4 Nxd4 15. cxd4 Qc7 16. Rac1 f5 17. c4 dxc4 18. Rxc4 Qa5+ 19. Ke3 Bd7 20. Rhc1 Bc6 21. Rc5 Qxa2 22. R1c2 Qxc2 23. Qh4 Qa2 24. Qf6 f4+ 25. Qxf4 0-0-0 0-1

[Event "GER-ch internet U25 qual 04"]
[Site "Playchess.com INT"]
[Date "2007.06.13"]
[Round "2"]
[White "Siedentopf, Daniel"]
[Black "Siewert, Mathias"]
[Result "1-0"]
[WhiteElo "2178"]
[BlackElo "2121"]
[PlyCount "37"]
[EventDate "2007.06.13"]
[EventType "swiss (blitz)"]
[EventRounds "7"]
[EventCountry "GER"]
[SourceTitle "EXT 2009"]
[Source "ChessBase"]
[SourceDate "2008.11.26"]
[SourceVersion "1"]
[SourceVersionDate "2008.11.26"]
[SourceQuality "1"]

1. d4 Nf6 2. c4 g6 3. Nc3 Bg7 4. e4 0-0 5. f3 d6 6. Be3 e5 7. Nge2 Nbd7 8. Qd2 Nh5 9. g4 Nhf6 10. d5 Nc5 11. 0-0-0 b6 12. Kb1 a6 13. Ng3 Rb8 14. b4 Ncd7 15. h4 b5 16. cxb5 axb5 17. h5 c5 18. dxc6 Nb6 19. Bxb5 1-0

[Event "RLP-ch MTA"]
[Site "Kaiserslautern"]
[Date "2006.08.18"]
[Round "10"]
[White "Siewert, Mathias"]
[Black "Armbrust, Florian"]
[Result "1-0"]
[WhiteElo "2078"]
[BlackElo "2278"]
[PlyCount "59"]
[EventDate "2006.08.11"]
[EventType "tourn"]
[EventRounds "11"]
[EventCountry "GER"]
[SourceTitle "EXT 2009"]
[Source "ChessBase"]
[SourceDate "2008.11.26"]
[SourceVersion "1"]
[SourceVersionDate "2008.11.26"]
[SourceQuality "1"]

1. e4 c5 2. Nf3 d6 3. d4 cxd4 4. Nxd4 Nf6 5. Nc3 Nc6 6. Bg5 e6 7. Qd2 Be7 8. 0-0-0 Nxd4 9. Qxd4 0-0 10. f4 Qa5 11. Kb1 h6 12. h4 Rd8 13. Bd3 Bd7 14. e5 dxe5 15. fxe5 Bc6 16. Qf4 Nh5 17. Qg4 Rxd3 18. cxd3 hxg5 19. Qxh5 g6 20. Qe2 gxh4 21. d4 Rd8 22. Qf2 Rd7 23. Rhf1 Bb4 24. Qxh4 Bxc3 25. Rh1 Be4+ 26. Qxe4 Qb6 27. b3 Rxd4 28. Rxd4 Bxd4 29. Qf4 Be3 30. Qh4 1-0

[Event "RLP-ch MTA"]
[Site "Kaiserslautern"]
[Date "2006.08.17"]
[Round "9"]
[White "Fuehrer, Michael"]
[Black "Siewert, Mathias"]
[Result "0-1"]
[WhiteElo "1845"]
[BlackElo "2078"]
[PlyCount "30"]
[EventDate "2006.08.11"]
[EventType "tourn"]
[EventRounds "11"]
[EventCountry "GER"]
[SourceTitle "EXT 2009"]
[Source "ChessBase"]
[SourceDate "2008.11.26"]
[SourceVersion "1"]
[SourceVersionDate "2008.11.26"]
[SourceQuality "1"]

1. e4 c5 2. Nf3 d6 3. d4 cxd4 4. c3 Nf6 5. Bc4 Nxe4 6. Qxd4 Nf6 7. Bg5 e5 8. Nxe5 dxe5 9. Bxf7+ Ke7 10. Qc4 Nc6 11. Nd2 Na5 12. 0-0-0 Nxc4 13. Nxc4 Qc7 14. Nd6 Qxd6 15. Rxd6 Kxd6 0-1

[Event "RLP-ch MTA"]
[Site "Kaiserslautern"]
[Date "2006.08.13"]
[Round "5"]
[White "Dietzsch, Herbert"]
[Black "Siewert, Mathias"]
[Result "1/2-1/2"]
[WhiteElo "2180"]
[BlackElo "2078"]
[PlyCount "26"]
[EventDate "2006.08.11"]
[EventType "tourn"]
[EventRounds "11"]
[EventCountry "GER"]
[SourceTitle "EXT 2009"]
[Source "ChessBase"]
[SourceDate "2008.11.26"]
[SourceVersion "1"]
[SourceVersionDate "2008.11.26"]
[SourceQuality "1"]

1. d4 d5 2. Bf4 Bf5 3. e3 e6 4. c3 c6 5. Bd3 Bxd3 6. Qxd3 Bd6 7. Bxd6 Qxd6 8. Nf3 Nf6 9. 0-0 0-0 10. Ne5 Ne4 11. Nd2 Nxd2 12. Qxd2 Nd7 13. Nxd7 Qxd7 1/2-1/2

[Event "RLP-ch MTA"]
[Site "Kaiserslautern"]
[Date "2006.08.12"]
[Round "3"]
[White "Siewert, Mathias"]
[Black "Goreacinic, Dmitri"]
[Result "1-0"]
[WhiteElo "2078"]
[BlackElo "2251"]
[PlyCount "109"]
[EventDate "2006.08.11"]
[EventType "tourn"]
[EventRounds "11"]
[EventCountry "GER"]
[SourceTitle "EXT 2009"]
[Source "ChessBase"]
[SourceDate "2008.11.26"]
[SourceVersion "1"]
[SourceVersionDate "2008.11.26"]
[SourceQuality "1"]

1. e4 c5 2. Nf3 Qa5 3. Nc3 g6 4. Bc4 Nc6 5. 0-0 Bg7 6. d3 d6 7. Bd2 e6 8. Qe2 a6 9. a4 Qc7 10. Ng5 h6 11. Nh3 Nge7 12. f4 0-0 13. g4 Kh7 14. f5 exf5 15. gxf5 Nd4 16. Qg4 gxf5 17. Qh5 Be6 18. Ng5+ Kg8 19. Nxe6 fxe6 20. Bxh6 Nec6 21. Kh1 Qf7 22. Qh3 Bxh6 23. Qxh6 Qh7 24. Bxe6+ Kh8 25. Qxh7+ Kxh7 26. Bxf5+ Nxf5 27. Rxf5 Rxf5 28. exf5 Nd4 29. f6 Rf8 30. Rf1 Nxc2 31. Ne4 Ne3 32. Rf3 Ng4 33. Nxd6 b6 34. Nc4 b5 35. axb5 axb5 36. Nd6 Ne5 37. Re3 Rxf6 38. Rxe5 Rxd6 39. Rxc5 b4 40. Rh5+ Kg6 41. Rh3 Rc6 42. Rg3+ Kh5 43. d4 Rc1+ 44. Kg2 Rc2+ 45. Kf3 Rxb2 46. Ke4 Rxh2 47. d5 Re2+ 48. Kf5 Rf2+ 49. Ke6 Rb2 50. d6 b3 51. Re3 Kg5 52. d7 Kf4 53. Rd3 Re2+ 54. Kf6 b2 55. d8Q 1-0

[Event "Hassloch op 21st"]
[Site "Hassloch"]
[Date "2006.06.05"]
[Round "6"]
[White "Siewert, Mathias"]
[Black "Busch, Lorenz"]
[Result "0-1"]
[WhiteElo "2078"]
[BlackElo "2225"]
[PlyCount "70"]
[EventDate "2006.06.02"]
[EventType "swiss"]
[EventRounds "7"]
[EventCountry "GER"]
[SourceTitle "CBM 112 Extra"]
[Source "ChessBase"]
[SourceDate "2006.07.14"]
[SourceVersion "1"]
[SourceVersionDate "2006.07.14"]
[SourceQuality "1"]

1. e4 e6 2. d4 d5 3. Nc3 Nf6 4. Bg5 Be7 5. e5 Nfd7 6. h4 a6 7. Qg4 Bxg5 8. hxg5 c5 9. g6 f5 10. Qf4 h6 11. Nf3 Nf8 12. Qg3 cxd4 13. Nxd4 Nc6 14. 0-0-0 Bd7 15. Kb1 Nxd4 16. Rxd4 Qe7 17. Ne2 Bb5 18. Nf4 Bxf1 19. Rxf1 Rc8 20. Qb3 Rc6 21. Rfd1 Qc5 22. Nxd5 exd5 23. Rxd5 Qc4 24. Rd8+ Ke7 25. Qa3+ Rc5 26. Ka1 Nxg6 27. R8d7+ Ke8 28. Qg3 Qg4 29. Rd8+ Kf7 30. Qb3+ Qc4 31. Qxb7+ Rc7 32. R1d7+ Ne7 33. e6+ Kf6 34. Qf3 Rxd7 35. Rxd7 Qxe6 0-1

[Event "RLP-chB"]
[Site "Dittweiler"]
[Date "2004.??.??"]
[Round "6"]
[White "Drizovskiy, Alexander"]
[Black "Siewert, Mathias"]
[Result "1/2-1/2"]
[WhiteElo "2104"]
[BlackElo "2132"]
[PlyCount "52"]
[EventDate "2004.??.??"]
[EventType "swiss"]
[EventRounds "7"]
[EventCountry "GER"]
[SourceTitle "EXT 2009"]
[Source "ChessBase"]
[SourceDate "2008.11.26"]
[SourceVersion "1"]
[SourceVersionDate "2008.11.26"]
[SourceQuality "1"]

1. e4 c5 2. c3 Nf6 3. e5 Nd5 4. d4 cxd4 5. cxd4 d6 6. Nf3 Nc6 7. a3 e6 8. Bd3 Be7 9. 0-0 0-0 10. Bd2 Rb8 11. Nc3 Nxc3 12. Bxc3 b5 13. Qe2 dxe5 14. Qe4 f5 15. Qxc6 Rb6 16. Ba5 Rxc6 17. Bxd8 Rxd8 18. Nxe5 Rb6 19. Rac1 Bb7 20. Rc7 Bd6 21. Rd7 Re8 22. a4 Bxe5 23. a5 Rd6 24. Rxb7 Bxd4 25. Bxb5 Rc8 26. b3 Rc2 1/2-1/2

[Event "SJRP-ch U16"]
[Site "Germany"]
[Date "2002.04.05"]
[Round "6"]
[White "Kurtz, Alexander"]
[Black "Siewert, Mathias"]
[Result "0-1"]
[WhiteElo "1664"]
[BlackElo "1747"]
[PlyCount "94"]
[EventDate "2002.04.02"]
[EventType "swiss"]
[EventRounds "7"]
[EventCountry "GER"]
[SourceTitle "EXT 2003"]
[Source "ChessBase"]
[SourceDate "2002.11.25"]
[SourceVersion "1"]
[SourceVersionDate "2002.11.25"]
[SourceQuality "1"]

1. e4 c5 2. Nf3 d6 3. Nc3 Nf6 4. d4 cxd4 5. Nxd4 a6 6. Bg5 e6 7. Bd3 Be7 8. Nf3 0-0 9. Qe2 Qc7 10. h4 Nc6 11. a3 b5 12. b4 Nxb4 13. 0-0 Nc6 14. Na2 Bb7 15. Rfc1 Rfd8 16. Nb4 h6 17. Nxc6 Qxc6 18. Bd2 Nxe4 19. Nd4 Qd5 20. Qxe4 Qxe4 21. Bxe4 Bxe4 22. f3 Bb7 23. h5 Bf6 24. c3 Rac8 25. Ne2 Rc5 26. Ng3 Rdc8 27. Rd1 d5 28. Ne2 Rc4 29. Kf2 a5 30. Rab1 Ba6 31. g3 Ra4 32. Rb3 Be7 33. Ra1 Rcc4 34. Nc1 b4 35. Nd3 Rc8 36. Nb2 Rxa3 37. Rbxa3 bxa3 38. Nd1 Bc4 39. Ne3 Bb3 40. Ke2 a2 41. Ng2 Bf6 42. Kd3 Bc4+ 43. Kc2 a4 44. Ne1 d4 45. Nd3 Bb3+ 46. Kc1 dxc3 47. Bf4 Be7 0-1

[Event "SJRP-ch U16"]
[Site "Germany"]
[Date "2002.04.02"]
[Round "1"]
[White "Siewert, Mathias"]
[Black "Martin, Mike"]
[Result "1-0"]
[WhiteElo "1747"]
[BlackElo "1655"]
[PlyCount "65"]
[EventDate "2002.04.02"]
[EventType "swiss"]
[EventRounds "7"]
[EventCountry "GER"]
[SourceTitle "EXT 2003"]
[Source "ChessBase"]
[SourceDate "2002.11.25"]
[SourceVersion "1"]
[SourceVersionDate "2002.11.25"]
[SourceQuality "1"]

1. e4 e6 2. d4 d5 3. Nd2 Nf6 4. e5 Nfd7 5. f4 c5 6. Ne2 Nc6 7. Nf3 Qb6 8. c3 cxd4 9. cxd4 f6 10. g3 fxe5 11. fxe5 Bb4+ 12. Nc3 0-0 13. Bf4 a6 14. Bh3 Re8 15. 0-0 Bxc3 16. bxc3 Nf8 17. Qd3 Na5 18. Ng5 Ng6 19. Bg4 Nc6 20. Bh5 Nce7 21. Bc1 Bd7 22. Rb1 Qa5 23. Bg4 Bb5 24. Bxe6+ Kh8 25. Nf7+ Kg8 26. Nd6+ Kh8 27. Nxb5 axb5 28. a3 Qa7 29. Kg2 Rf8 30. Bf7 Nc6 31. Bxd5 Rxf1 32. Qxf1 Rf8 33. Qe2 1-0

[Event "GER-chT U16"]
[Site "Bensdorf"]
[Date "2001.12.30"]
[Round "7.4"]
[White "Siewert, Mathias"]
[Black "Gossmann, Gera"]
[Result "1-0"]
[WhiteElo "1588"]
[BlackElo "1622"]
[PlyCount "50"]
[EventDate "2001.12.??"]
[EventType "team"]
[EventRounds "7"]
[EventCountry "GER"]
[SourceTitle "EXT 2003"]
[Source "ChessBase"]
[SourceDate "2002.11.25"]
[SourceVersion "1"]
[SourceVersionDate "2002.11.25"]
[SourceQuality "1"]

1. e4 e5 2. Nf3 Nc6 3. Bc4 Bc5 4. b4 Bxb4 5. c3 Ba5 6. d4 exd4 7. 0-0 dxc3 8. Qb3 Qf6 9. e5 Qg6 10. Nxc3 Bxc3 11. Qxc3 Nge7 12. Re1 0-0 13. Bd3 Qh5 14. Re4 Ng6 15. g4 Qh3 16. Bf1 d5 17. exd6 Qxg4+ 18. Rxg4 Bxg4 19. Bb2 f6 20. Qc4+ Kh8 21. Qxg4 cxd6 22. Bd3 Nce5 23. Nxe5 fxe5 24. Qh3 Rf6 25. Rc1 h6 1-0

[Event "GER-chT U16"]
[Site "Bensdorf"]
[Date "2001.12.29"]
[Round "5.4"]
[White "Franz, Tobias"]
[Black "Siewert, Mathias"]
[Result "0-1"]
[WhiteElo "1635"]
[BlackElo "1588"]
[PlyCount "66"]
[EventDate "2001.12.??"]
[EventType "team"]
[EventRounds "7"]
[EventCountry "GER"]
[SourceTitle "EXT 2003"]
[Source "ChessBase"]
[SourceDate "2002.11.25"]
[SourceVersion "1"]
[SourceVersionDate "2002.11.25"]
[SourceQuality "1"]

1. e4 c5 2. Nf3 d6 3. d4 cxd4 4. Nxd4 Nf6 5. Nc3 g6 6. f3 Bg7 7. Be3 0-0 8. Bc4 Nc6 9. Qd2 Bd7 10. 0-0-0 Rc8 11. Bb3 Ne5 12. Kb1 Re8 13. Bh6 Bh8 14. h4 Qa5 15. h5 Rc5 16. hxg6 Nxg6 17. Be3 Rec8 18. Nf5 Rxc3 19. Nh6+ Kf8 20. bxc3 Be6 21. Bd4 Rc4 22. g3 Rc7 23. Ng4 Bxg4 24. fxg4 Ke8 25. Qf2 e5 26. g5 Nxe4 27. Qe3 d5 28. Rde1 exd4 29. cxd4 Re7 30. Qg1 Qc3 31. Rd1 Nd2+ 32. Kc1 Nf3 33. Qg2 Qa1# 0-1